00325nam a2200121Ia 4500003000400000008004100004040001600045082001700061100003100078245007800109300001100187490000500198GCL140319s9999 xx 000 0 ara d aGCL / cGCL04a530.4bر ا1 aرافت كامل واصف10aاساسيات فيزياء الجوامد / cرافت كامل واصف a486 ص a